000
00299 a2200109 4500
001
ART_27853
005
20260410161950.0
008
260409a
245
1
0
_a
Impuesto a las ganancias
100
1
_a
Ferullo, Claudio F.
773
0
_t
Invenio
_g
- Año 5, Nº 8 (jun. 2002)
_w
REV27781
999
_c
30285
_d
30285